000 00721nam a2200205 i 4500
001 43240
003 ES-MaACL
005 20230906160746.0
007 t|
008 030317s1886 sp ||||1| spa d
100 1 _aCastro y Casaleiz, Antonio de.
_936968
245 1 0 _aGuía práctica del diplomático español /
_cpor D. Antonio de Castro y Casaleiz.
250 _a2ª ed.
260 _aMadrid :
_b[s.n.],
_c1886 (
_fEstab. Tip. de "El Correo")
300 _a2 v. (951; 750 p.) ;
_c24 cm.
650 4 _aDerecho diplomático y consular-
_zEspaña.
_9157520
650 0 0 _aDerecho diplomático y consular-
_yS.XIX.
_911702
651 4 _aEspaña-
_xServicio diplomático y consular.
_98494
852 _aES-MaACL
_jG-14621-22
999 _c43240
_d43240